000 00258nam a2200109Ia 4500
008 220204s9999 xx 000 0 und d
082 _bGER
245 0 _aLibraries in society
260 _aLondon
_bClive Bingley
_c1978
700 _aGerard, David
942 _cBK
999 _c33258
_d33258